000 00436nam a2200157Ia 4500
008 210210b2005 xxu||||| |||| 00| 0 eng d
020 _a81 8205 263 2
082 _a791.403 PANA
100 _aPANDEY (Ashish). ed.
245 _aAcademic dictionary of film, television and theatre.
260 _aN D
_bIsha Books.
_c2005
300 _a305
650 _aDictionary Film Television Theatre
690 _aDictionaries
906 _a060504
999 _c107538
_d107538